00593 2200229 4500001002100000005001700021008004100038020001800079035002400097040001200121082000800133090001800141100001900159245004200178250001100220260003100231300002100262500003100283650001700314850001200331990002000343YOGYA-0311000000052620110329130511.0 ind  a979-672-696-3 0010-031100000000526 aYOPDYOG a210 aDEP 210 Cha M aCHANG, William aMoral lingkungan hidupcWilliam Chang aCet.1. aYogyakartabKanisiusc2001 a113 hlm.c20 cm. aBibliografi : hlm. 112-113 aTeologi alam aYOPDYOG aCB-D.11 2001-41